Retos jurd̕icos de actualidad

Bibliographic Details
Other Authors: Sǹchez Rubio, Ana, Ramos Hernǹdez, Pablo, Otero Crespo, Marta, Valiǫ Ces, Almudena, Rodrg̕uez ℓlvarez, Ana
Format: eBook
Language:Spanish
Published: Madrid: Dykinson, 2021
Subjects:
Online Access:Acceso restringido

MARC

LEADER 00000nam a22000007a 4500
005 20220620160924.0
007 cr|||| ||||
008 220620s2021 es |||||s|||| 00||0 spa d
020 |a 978-84-1377-193-9 
035 |a 36101 
040 |a vLex 
090 |c 13433  |d 13433 
245 1 0 |a Retos jurd̕icos de actualidad  |h [Recurso electrn̤ico] /  |c Cristina Alonso Salgado, Ana Sǹchez Rubio, Pablo Ramos Hernǹdez, Marta Otero Crespo, Almudena Valiǫ Ces, Ana Rodrg̕uez ℓlvarez 
256 |a Servicio en ln̕ea 
260 |a Madrid:  |b Dykinson,  |c 2021 
300 |a 1 recurso electrn̤ico 
500 |a Cuando empiecen a leer este libro se adentrarǹ en un mundo apasionante, con el gran hilo conductor, al que se aąden otras temt̀icas de absoluta actualidad, de la igualdad, los feminismos, el gňero, los colectivos LGTBIQ+ y la preocupacin̤ por los menores, sus autores/as han decidido, sabiamente, trabajar en red, unir el esfuerzo de diferentes Universidades para conseguir el comn︢ objetivo de poder reforzar y difundir sus investigaciones de alto impacto y valor para la Democracia y la sociedad. Tejiendo alianzas y consiguiendo as ̕ponerlas de manifiesto, publicarlas y sacarlas a la luz tal y como Ariadna consigui ̤con su ovillo que Teseo pudiese salir del laberinto tras matar al Minotauro. El contenido de este valiente y esencial libro recoge deliciosas y sesudas aportaciones escritas con gran rigor, tino y criterio incluyendo interesantes anl̀isis y propuestas interdisciplinares, como no puede ser de otra manera en la materia que nos ocupa que debe ser abordada desde las ms̀ diversas perspectivas, cuestiones, entre otras muchas que les dejo que descubran, relacionadas con la violencia de gňero, la proteccin̤ de los menores, la Administracin̤ pb︢lica, las nuevas tecnologa̕s, la diversidad, la inclusin̤, la brecha digital de gňero, la educacin̤ o la memoria histr̤ica. 
506 1 |a Disponible solo en los productos indicados  |d vLex Global  |d vLex Global (Academic Edition, excluding Law Schools)  |d vLex Global (U.S. Academic Edition, Law Schools)  |d vLex Global (U.S. Academic Edition, excluding Law Schools)  |d vLex Global (Academic Edition, Law Schools) 
650 0 4 |a Derecho Comunitario  |z Espaą 
700 1 |a Sǹchez Rubio, Ana 
700 1 |a Ramos Hernǹdez, Pablo 
700 1 |a Otero Crespo, Marta 
700 1 |a Valiǫ Ces, Almudena 
700 1 |a Rodrg̕uez ℓlvarez, Ana 
740 0 |a vLex Libros (Servicio en ln̕ea) 
856 4 0 |u https://app.vlex.com/#/sources/36101  |z Acceso restringido 
942 |c BOOK 
999 0 |a Community Law